Nights of the pufflings / (Record no. 8406)

MARC details
000 -LEADER
fixed length control field 01721cam a2200349 a 4500
001 - CONTROL NUMBER
control field 8406
003 - CONTROL NUMBER IDENTIFIER
control field FISKH
005 - DATE AND TIME OF LATEST TRANSACTION
control field 20250910152831.0
008 - FIXED-LENGTH DATA ELEMENTS--GENERAL INFORMATION
fixed length control field 940324s1995 maua j b 000 0 eng
010 ## - LIBRARY OF CONGRESS CONTROL NUMBER
LC control number 94014808
020 ## - INTERNATIONAL STANDARD BOOK NUMBER
International Standard Book Number 0395708109
020 ## - INTERNATIONAL STANDARD BOOK NUMBER
International Standard Book Number 9780395708101
040 ## - CATALOGING SOURCE
Original cataloging agency DLC
Transcribing agency DLC
Modifying agency DLC
Language of cataloging eng
050 00 - LIBRARY OF CONGRESS CALL NUMBER
Classification number QL696.C42
Item number M39 1995
082 00 - DEWEY DECIMAL CLASSIFICATION NUMBER
Classification number 598.3/3
Edition number 20
100 1# - MAIN ENTRY--PERSONAL NAME
Personal name McMillan, Bruce.
245 10 - TITLE STATEMENT
Title Nights of the pufflings /
Statement of responsibility, etc. written and photo-illustrated by Bruce McMillan.
260 ## - PUBLICATION, DISTRIBUTION, ETC.
Place of publication, distribution, etc. Boston :
Name of publisher, distributor, etc. Houghton Mifflin ,
Date of publication, distribution, etc. 1995.
300 ## - PHYSICAL DESCRIPTION
Extent 32 pages :
Other physical details color illustrations ;
Dimensions 26 cm
336 ## - CONTENT TYPE
Content type term text
Content type code txt
Source rdacontent
337 ## - MEDIA TYPE
Media type term unmediated
Media type code n
Source rdamedia
338 ## - CARRIER TYPE
Carrier type term volume
Carrier type code nc
Source rdacarrier
504 ## - BIBLIOGRAPHY, ETC. NOTE
Bibliography, etc. note Includes bibliographical references (p. 32).
520 ## - SUMMARY, ETC.
Summary, etc. On a tiny island off the coast of Iceland, Halla and her friends wait with anticipation. Every spring, millions of puffins, the clowns of the sea, return to nest, lay eggs, and raise their chicks to pufflings. That means Halla and her friends will be busy in August when the pufflings venture out at night to take their first flight. Then, all of the children stay out all night, too. During the nights of the pufflings they rescue thousands of stranded young birds, and in the daytime set themsafely free at the beach. In Nights of the Pufflings, Bruce McMillan captures the unique and endearing story of an island tradition.
650 #0 - SUBJECT ADDED ENTRY--TOPICAL TERM
Topical term or geographic name entry element Puffins
Geographic subdivision Iceland
Form subdivision Juvenile literature.
650 #1 - SUBJECT ADDED ENTRY--TOPICAL TERM
Topical term or geographic name entry element Puffins.
650 #1 - SUBJECT ADDED ENTRY--TOPICAL TERM
Topical term or geographic name entry element Animals
Geographic subdivision Iceland.
655 #7 - INDEX TERM--GENRE/FORM
Genre/form data or focus term Literature.
Source of term lcgft
Authority record control number or standard number https://id.loc.gov/authorities/genreForms/gf2014026415
906 ## - LOCAL DATA ELEMENT F, LDF (RLIN)
a 7
b cbc
c orignew
d 1
e ocip
f 19
g y-gencatlg
942 ## - ADDED ENTRY ELEMENTS (KOHA)
Source of classification or shelving scheme Dewey Decimal Classification
Koha item type Books
Suppress in OPAC No
Holdings
Withdrawn status Lost status Source of classification or shelving scheme Damaged status Not for loan Collection Home library Current library Shelving location Date acquired Total Checkouts Full call number Barcode Date last seen Copy number Price effective from Koha item type
    Dewey Decimal Classification     Non-Fiction Footprints International School Library Network Toul Tom Poung Campus Footprints International School Library Network Toul Tom Poung Campus TTP Secondary Non-Fiction Bookshelves 09/10/2025   MCM 598.33 QL696.C42 M39 FISBK06064 09/10/2025 1 09/10/2025 Books